Job creation: the challenge for the chartered surveyor (Record no. 98556)
[ view plain ]
| 000 -LEADER | |
|---|---|
| fixed length control field | 00520cam a2200193 4500 |
| 001 - CONTROL NUMBER | |
| control field | D10659 |
| 008 - FIXED-LENGTH DATA ELEMENTS--GENERAL INFORMATION | |
| fixed length control field | 090401t1986 xxu||||| |||| 00| 0 eng d |
| 035 ## - SYSTEM CONTROL NUMBER | |
| System control number | (Sirsi) u95701 |
| 041 ## - LANGUAGE CODE | |
| Language code of text/sound track or separate title | eng |
| 050 ## - LIBRARY OF CONGRESS CALL NUMBER | |
| Classification number | 333.0023 |
| 100 ## - MAIN ENTRY--PERSONAL NAME | |
| Personal name | Furlong, G.P. |
| 245 ## - TITLE STATEMENT | |
| Title | Job creation: the challenge for the chartered surveyor |
| 260 ## - PUBLICATION, DISTRIBUTION, ETC. | |
| Date of publication, distribution, etc. | 1986 |
| 350 ## - PRICE (NR) (BK AM CF MU VM SE) [OBSOLETE] | |
| Price | 0 |
| 520 ## - SUMMARY, ETC. | |
| Summary, etc. | In RICS. Annual conference: professions in crisis. Cardiff, 16-18 March 1986 (Paper 7) |
| 700 ## - ADDED ENTRY--PERSONAL NAME | |
| Personal name | Clowes, D.J. |
| 942 ## - ADDED ENTRY ELEMENTS (KOHA) | |
| Suppress in OPAC | 0 |
| 948 ## - LOCAL PROCESSING INFORMATION (OCLC); SERIES PART DESIGNATOR (RLIN) | |
| c (OCLC) | 04/03/1997 |
| Withdrawn status | Lost status | Source of classification or shelving scheme | Damaged status | Not for loan | Home library | Current library | Shelving location | Date acquired | Total Checkouts | Full call number | Barcode | Date last seen | Copy number | Price effective from | Koha item type |
|---|---|---|---|---|---|---|---|---|---|---|---|---|---|---|---|
| Other/Generic Classification Scheme | London | London | RICS Boxes | 05/04/2001 | RICS 1986/4 | 95701-1001 | 06/08/2019 | 1 | 06/08/2019 | Reference material |